|
|
|
|
| LEADER |
01016nam a2200265 a 4500 |
| 001 |
3563694 |
| 008 |
100112s1999 caua b 001 0 eng d |
| 010 |
|
|
|a 98058146
|
| 020 |
|
|
|a 0761907459 (cloth : acid-free paper)
|
| 020 |
|
|
|a 0761907467 (pbk. : acid-free paper)
|
| 040 |
|
|
|a DLC
|c DLC
|d DLC
|d BD-DhAAL
|
| 082 |
0 |
0 |
|a 302
|2 21
|
| 100 |
1 |
|
|a Lindesmith, Alfred Ray,
|d 1905-
|
| 245 |
1 |
0 |
|a Social psychology /
|c Alfred R. Lindesmith, Anselm L. Strauss, Norman K. Denzin.
|
| 250 |
|
|
|a 8th ed.
|
| 260 |
|
|
|a Thousand Oaks, Calif. :
|b Sage,
|c c1999.
|
| 300 |
|
|
|a xii, 475 p. :
|b ill. ;
|c 26 cm.
|
| 504 |
|
|
|a Includes bibliographical references (p. 437-462) and index.
|
| 541 |
1 |
|
|e 00010794
|
| 650 |
|
0 |
|a Social psychology.
|
| 700 |
1 |
|
|a Strauss, Anselm L.
|
| 700 |
1 |
|
|a Denzin, Norman K.
|
| 852 |
4 |
|
|a Ayesha Abed Library
|j General Shelf.
|
| 999 |
|
|
|c 6956
|d 6956
|
| 952 |
|
|
|0 0
|1 0
|2 ddc
|4 0
|6 302_LIN_199900000000000
|7 0
|9 7192
|a BRACUL
|b BRACUL
|c GEN
|d 2010-01-13
|l 3
|m 3
|o 302 LIN
|p 3010010794
|r 2022-04-10
|s 2022-01-31
|t 1
|w 2010-01-13
|y BK
|